000
00309nam a2200121Ia 4500
008
220214s9999 xx 000 0 und d
245
0
_a
Unesco Bulletin for libraries
260
_b
UNESCO
310
_a
BM
500
_a
Ending Volume & Year: 32, 1978
500
_a
Starting Volume & Year: 29, 1975
942
_c
BJ
999
_c
8410
_d
8410